=LDR 00000nam 2200000 4500 =001 NUTBA000000000000284 =005 20140320104819.0 =006 =007 =008 =020 ##$$a 979-3654-58-9 =035 ##$$a 0010-031400000000283 =040 ##$$a NBPDMAT =082 ##$$a 2X9.873 =090 ##$$a 2X9.873 Nat t =100 ##$$a Nata, Abuddin =245 ##$$a Tokoh-tokoh pembaruan pendidikan Islam di Indonesia / Abuddin Nata =260 ##$$a Jakarta : Raja Grafindo Persada, 2005 =300 ##$$a xiv, 454 hlm ; 23 cm =650 ##$$a Pendidikan agama Islam =850 ##$$a NBPDMAT